| 000 | 01866nam0a2200409 4500 | ||
|---|---|---|---|
| 001 | RU\NLR\bibl\217385 | ||
| 005 | 20250619103000.0 | ||
| 010 |
_a5-94215-006-0 _9300 |
||
| 021 |
_aRU _b2001-36600 _91739 |
||
| 035 | _a(NLR Aleph) 000213478 | ||
| 090 |
_a1239609 _c1239609 |
||
| 100 | _a20011217d2001 |||y0rusy50 ca | ||
| 101 | 0 | _arus | |
| 102 | _aRU | ||
| 105 | _aa ||||||||| | ||
| 200 | 1 |
_aОчерки по физиологии спорта _eУчеб. пособие для вузов физ. культуры _fЕ. К. Аганянц, Е. М. Бердичевская, А. Б. Трембач _gПод ред. Е. К. Аганянц |
|
| 210 |
_aКраснодар _cЭкоинвест _d2001 |
||
| 215 |
_a203 с. _cил. _d20 |
||
| 320 | _aБиблиогр.: с. 200 | ||
| 606 | 0 |
_aФизическая культура и спорт _jРуководства, пособия и т.п. для высшей школы _xФизиологические основы _9945847 _3RU\NLR\auth\6632158 |
|
| 606 | 0 |
_aФизическая культура и спорт _jУчебные издания для высшей школы _xФизиологические основы _9945847 _3RU\NLR\auth\6632158 |
|
| 610 | 0 | _aФизическая культура и спорт - Физиологические основы | |
| 675 |
_a612(075.8) _v3 _zrus |
||
| 686 |
_a34.41 _2rugasnti |
||
| 686 |
_a75.0я73 _2rubbk |
||
| 686 | _aЧ510.72я73 | ||
| 700 | 1 |
_aАганянц _gЕлена Карповна _4070 |
|
| 701 | 1 |
_aБердичевская _bЕ. М. _f1951- _gЕлена Маевна _4070 |
|
| 701 | 1 |
_aТрембач _gАлександр Борисович _4070 |
|
| 801 | 0 |
_aRU _bRKP _c20011217 _gPSBO |
|
| 801 | 1 |
_aRU _bRKP _c20011217 |
|
| 801 | 2 |
_aRU _bNLR _c20020304 _grcr |
|
| 942 | _cBOOK | ||
| 980 | _aNB | ||
| 980 | _aNBR | ||